| 000 | 00884nam a2200217 i 4500 | ||
|---|---|---|---|
| 001 | 64949 | ||
| 003 | ES-MaACL | ||
| 005 | 20250930063058.0 | ||
| 007 | t| | ||
| 008 | 040107s1959 sp ||||1| spa d | ||
| 100 | 0 |
_aFourrey, René, _cEvêque de Belley _952002 |
|
| 245 | 1 | 3 |
_aEl cura de Ars / _cprefacio de... el Cardenal Gerlier Arzobispo de Lyon, Primado de las Galias ; texto de... Monseñor Fourrey Obispo de Belley ; biografía ilustrada por Jean Servel, O.M.I. y René Perrin ; [versión española de Fernando Gutiérrez]. |
| 260 |
_aBarcelona : _bHerder, _c1959 ( _fGrafesa) |
||
| 300 |
_a215 p., 119 lám. ; _c24 cm. |
||
| 700 | 1 |
_aGerlier, Pierre Marie. _956460 |
|
| 700 | 1 |
_aServel, Jean. _9105860 |
|
| 700 | 1 |
_aPerrin, René. _991365 |
|
| 700 | 1 |
_aGutiérrez, Fernando, _d1911-1984 _9156260 |
|
| 852 |
_aES-MaACL _jC-12541 _bR.44599 |
||
| 999 |
_c64949 _d64949 |
||